[Event "36 R.G.Nezhmetdinov Memorial"]
[Site "Kazan"]
[Date "2014.06.02"]
[Round "3.3"]
[White "Matinyan, Nikita"]
[Black "Volkov, Sergey"]
[Result "1/2-1/2"]
[WhiteElo "2478"]
[BlackElo "2584"]
[PlyCount "149"]
[EventDate "2014.??.??"]

1. e4 e6 2. d4 d5 3. Nc3 Nf6 4. Bg5 Bb4 5. e5 h6 6. Bc1 Ne4 7. Qg4 g6 8. Nge2
c5 9. a3 Bxc3+ 10. bxc3 cxd4 11. cxd4 Nc6 12. c3 h5 13. Qf4 f6 14. f3 fxe5 15.
dxe5 Nc5 16. Nd4 Nxd4 17. cxd4 Nb3 18. Rb1 Nxc1 19. Rxc1 Rf8 20. Qe3 Kf7 21.
Bd3 Kg7 22. h4 Bd7 23. g4 hxg4 24. fxg4 Qa5+ 25. Ke2 Bb5 26. Rc5 a6 27. Bxb5
axb5 28. Qg5 Rf7 29. Rf1 Rxf1 30. Kxf1 Qd8 31. Qxd8 Rxd8 32. Ke2 Ra8 33. Rxb5
Rxa3 34. Rxb7+ Kf8 35. Rb8+ Kf7 36. Rb7+ Kf8 37. h5 gxh5 38. gxh5 Rh3 39. Rh7
Ke8 40. Kd2 Kf8 41. Ke2 Ke8 42. h6 Kf8 43. Kd2 Ke8 44. Ke2 Kf8 45. Kf2 Rh4 46.
Ke3 Ke8 47. Rh8+ Kf7 48. h7 Rh6 49. Kf4 Kg6 50. Re8 Rh4+ 51. Ke3 Rh3+ 52. Kf4
Rh4+ 53. Kg3 Rxh7 54. Rxe6+ Kf5 55. Rf6+ Ke4 56. Rf4+ Ke3 57. Rh4 Rg7+ 58. Rg4
Rh7 59. e6 Rh6 60. e7 Re6 61. Rg7 Kxd4 62. Kf4 Re1 63. Kf5 Kc5 64. Rh7 Kd6 65.
Rh6+ Kxe7 66. Ra6 Kd7 67. Rh6 Kc7 68. Ra6 Re8 69. Rh6 Rd8 70. Ke5 d4 71. Ke4 d3
72. Rh1 Kc6 73. Rd1 Kc5 74. Rxd3 Rxd3 75. Kxd3 {Kd4+ Ke4+ Ke5+} 1/2-1/2

[Event "36 R.G.Nezhmetdinov Memorial"]
[Site "Kazan"]
[Date "2014.06.02"]
[Round "3.4"]
[White "Savchenko, Boris"]
[Black "Kuderinov, Kirill"]
[Result "1-0"]
[WhiteElo "2559"]
[BlackElo "2442"]
[PlyCount "83"]
[EventDate "2014.??.??"]

1. d4 Nf6 2. c4 g6 3. Nc3 Bg7 4. Nf3 O-O 5. e4 d6 6. Be2 e5 7. O-O Nc6 8. d5
Ne7 9. a4 Nh5 10. Re1 f5 11. exf5 Nxf5 12. a5 Nf4 13. Bf1 g5 14. a6 bxa6 15. c5
Nd4 16. Nd2 dxc5 17. Nde4 h6 18. Bc4 Kh8 19. Nxc5 Qd6 20. N3e4 Qg6 21. Ra3 g4
22. Nxa6 Bf5 23. Nac5 a5 24. Bd2 Rad8 25. Rxa5 Nxd5 26. Qc1 Nf4 27. Ng3 h5 28.
Nxf5 Qxf5 29. Bxf4 Qxf4 30. Qxf4 Rxf4 31. b3 Nc2 32. Rc1 Nd4 33. Re1 Nc2 34.
Rf1 Nd4 35. Ra7 c6 36. Rfa1 Rdf8 37. R1a2 h4 38. Re7 R4f6 39. Nd7 Rd8 40. Nxf6
Bxf6 41. Rf7 Bg7 42. Raa7 1-0

[Event "36 R.G.Nezhmetdinov Memorial"]
[Site "Kazan"]
[Date "2014.06.02"]
[Round "3.5"]
[White "Tunik, Gennady"]
[Black "Mozharov, Mikhail"]
[Result "1/2-1/2"]
[WhiteElo "2430"]
[BlackElo "2552"]
[PlyCount "88"]
[EventDate "2014.??.??"]

1. d4 Nf6 2. c4 e6 3. Nc3 Bb4 4. Qc2 O-O 5. a3 Bxc3+ 6. Qxc3 d6 7. Nf3 b6 8. g3
Bb7 9. Bg2 Nbd7 10. O-O c5 11. b3 Rc8 12. Bb2 d5 13. dxc5 Nxc5 14. Rad1 Qe7 15.
cxd5 Bxd5 16. b4 Na4 17. Qe5 Nxb2 18. Qxb2 Qb7 19. Rc1 h6 20. Rfd1 Rxc1 21.
Rxc1 Rc8 22. Rxc8+ Qxc8 23. Ne5 Bxg2 24. Kxg2 Nd5 25. Qd4 Qc2 26. Qd3 Qc7 27.
Nc4 Qc6 28. e4 Nc3 29. Qxc3 b5 30. f3 bxc4 31. Kf2 Qb6+ 32. Kf1 Qb5 33. Ke2 e5
34. h4 h5 35. a4 Qxa4 36. Qxc4 g6 37. Qc5 Qa2+ 38. Kf1 Qa1+ 39. Kg2 a6 40. Qc8+
Kg7 41. Qc5 Qb2+ 42. Kf1 Kg8 43. Qc8+ Kg7 44. Qc5 Kg8 1/2-1/2

[Event "36 R.G.Nezhmetdinov Memorial"]
[Site "Kazan"]
[Date "2014.06.02"]
[Round "3.6"]
[White "Shaposhnikov, Evgeny"]
[Black "Ulko, Yaroslav"]
[Result "1-0"]
[WhiteElo "2550"]
[BlackElo "2422"]
[PlyCount "85"]
[EventDate "2014.??.??"]

1. e4 c5 2. Nf3 e6 3. d3 Nc6 4. g3 d5 5. Qe2 Nf6 6. Bg2 Be7 7. O-O O-O 8. e5
Ne8 9. c4 Nc7 10. Nc3 Rb8 11. Bf4 b5 12. b3 Bd7 13. Rac1 Re8 14. Rfd1 a6 15. d4
bxc4 16. bxc4 Nxd4 17. Nxd4 cxd4 18. Rxd4 Rb4 19. Bd2 Qb8 20. Ne4 Rb1 21. Nd6
Qb2 22. Rxb1 Qxb1+ 23. Be1 Rb8 24. Rd1 Qb6 25. Bc3 Ba4 26. Rc1 d4 27. c5 Qxc5
28. Bd2 Qb6 29. Qc4 Ne8 30. Qxa4 Nxd6 31. exd6 Bxd6 32. Qc6 h6 33. Be4 f5 34.
Bd3 Ba3 35. Qxb6 Rxb6 36. Rb1 Rc6 37. f4 Kf7 38. Kf2 Kf6 39. Rb7 Bc1 40. Ke2
Bxd2 41. Kxd2 g5 42. Ra7 gxf4 43. gxf4 1-0

[Event "36 R.G.Nezhmetdinov Memorial"]
[Site "Kazan"]
[Date "2014.06.02"]
[Round "3.7"]
[White "Rozum, Ivan"]
[Black "Smirnov, Alexey"]
[Result "1-0"]
[WhiteElo "2535"]
[BlackElo "2407"]
[PlyCount "77"]
[EventDate "2014.??.??"]

1. Nf3 Nf6 2. c4 e6 3. Nc3 d5 4. e3 c5 5. d4 Nc6 6. cxd5 exd5 7. Bb5 a6 8.
Bxc6+ bxc6 9. O-O Bd6 10. dxc5 Bxc5 11. b3 O-O 12. Bb2 Bd6 13. Ne2 Bg4 14. Rc1
Rc8 15. Qd3 Ne4 16. Qd4 Nf6 17. Ng3 Qa5 18. Qd3 Qb5 19. Qc2 Bxg3 20. hxg3 Bxf3
21. gxf3 Nd7 22. Qf5 Rfd8 23. Qg4 f6 24. Kg2 Kf7 25. e4 dxe4 26. Qxe4 Nc5 27.
Qc4+ Qxc4 28. Rxc4 Nd3 29. Bd4 Rd5 30. Be3 h6 31. f4 f5 32. Kf3 c5 33. Ke2 Rcd8
34. Ra1 Ke6 35. a3 Rb8 36. Rc3 c4 37. bxc4 Rb2+ 38. Kf1 Rd8 39. Rd1 {Kd5 [%clk
0:05:41]} 1-0

[Event "36 R.G.Nezhmetdinov Memorial"]
[Site "Kazan"]
[Date "2014.06.02"]
[Round "3.8"]
[White "Popov, Ivan"]
[Black "Yagupov, Igor"]
[Result "1/2-1/2"]
[WhiteElo "2650"]
[BlackElo "2414"]
[PlyCount "165"]
[EventDate "2014.??.??"]

1. e4 c5 2. Nf3 Nc6 3. Bb5 Nf6 4. Nc3 g6 5. e5 Ng4 6. Bxc6 dxc6 7. O-O Bg7 8.
Re1 Nh6 9. Ne4 b6 10. Nf6+ Kf8 11. Ne4 Bg4 12. Neg5 e6 13. d3 Nf5 14. h3 Bxf3
15. Nxf3 h6 16. Re4 Kg8 17. Bf4 Kh7 18. g4 Ne7 19. Qe2 Nd5 20. Bg3 b5 21. c4
Nb6 22. Rd1 Bf8 23. Bf4 Kg7 24. h4 Be7 25. h5 Qc7 26. hxg6 fxg6 27. Kg2 Raf8
28. Rh1 Qd8 29. Bc1 Rf7 30. Rf4 Rxf4 31. Bxf4 h5 32. gxh5 Rxh5 33. Rd1 Qf8 34.
Bg3 Qf5 35. Rh1 Rxh1 36. Kxh1 bxc4 37. dxc4 Qb1+ 38. Kg2 Qxa2 39. Nd2 Qxb2 40.
Bf4 Qc2 41. Kg3 g5 42. Be3 Qf5 43. Kg2 a5 44. Qh5 Qf7 45. Qh1 Nd7 46. Qa1 Bd8
47. Ne4 Qf5 48. Qd1 Nxe5 49. Ng3 Qd3 50. Qa1 Bc7 51. Bxg5 Qxc4 52. Bf4 Kf7 53.
Qb1 Qxf4 54. Qh7+ Ke8 55. Qxc7 a4 56. Qc8+ Kf7 57. Qc7+ Kg6 58. Qe7 a3 59.
Qxe6+ Qf6 60. Qg8+ Kh6 61. Qa8 Qf3+ 62. Kh3 Ng6 63. Qa5 Nf4+ 64. Kh4 Qxf2 65.
Kg4 Nd5 66. Qxa3 Qf4+ 67. Kh3 c4 68. Qc5 Kg5 69. Qxc6 Qg4+ 70. Kg2 Nf4+ 71. Kf2
Nd3+ 72. Kg2 Nf4+ 73. Kf2 Nd3+ 74. Kg2 Qd4 75. Qb5+ Ne5 76. Qe8 Qd2+ 77. Kh3
Qd7+ 78. Qxd7 Nxd7 79. Ne4+ Kf4 80. Nd6 c3 81. Nb5 c2 82. Nd4 c1=N 83. Ne2+
1/2-1/2

[Event "36 R.G.Nezhmetdinov Memorial"]
[Site "Kazan"]
[Date "2014.06.02"]
[Round "3.9"]
[White "Isajevsky, Anton"]
[Black "Timofeev, Artyom"]
[Result "1/2-1/2"]
[WhiteElo "2416"]
[BlackElo "2603"]
[PlyCount "72"]
[EventDate "2014.??.??"]

1. Nf3 c5 2. c4 Nc6 3. g3 e5 4. Nc3 g6 5. a3 Bg7 6. Rb1 a5 7. Bg2 Nge7 8. d3 d6
9. Nd2 O-O 10. Nf1 Rb8 11. Bg5 f6 12. Bd2 Be6 13. Ne3 Bh6 14. O-O Bxe3 15. Bxe3
Qd7 16. Re1 b6 17. Bd2 Kg7 18. Qc1 Rfc8 19. b3 d5 20. Qb2 Nd4 21. a4 Ndc6 22.
Rbd1 g5 23. e4 dxc4 24. dxc4 Nd4 25. f3 Ng6 26. Be3 h5 27. Rf1 h4 28. g4 Rd8
29. h3 Qf7 30. Rf2 Rd7 31. Rfd2 Rbd8 32. Kf2 Rd6 33. Bf1 R6d7 34. Bg2 Rd6 35.
Bf1 R6d7 36. Bg2 Rd6 1/2-1/2

[Event "36 R.G.Nezhmetdinov Memorial"]
[Site "Kazan, Russia"]
[Date "2014.06.02"]
[Round "3.10"]
[White "Danin, Alexandre"]
[Black "Faizrakhmanov, Ramil"]
[Result "1/2-1/2"]
[WhiteElo "2594"]
[BlackElo "2364"]
[PlyCount "129"]
[EventDate "2014.??.??"]

1. e4 c6 2. d4 d5 3. exd5 cxd5 4. c4 Nf6 5. Nc3 e6 6. Nf3 Bb4 7. cxd5 Nxd5 8.
Bd2 Nc6 9. Bd3 O-O 10. O-O Be7 11. Re1 Bf6 12. Nxd5 exd5 13. Ne5 g6 14. Nxc6
bxc6 15. Bb4 Re8 16. Bc5 Rxe1+ 17. Qxe1 a5 18. Qe2 a4 19. Rc1 Be6 20. Rc3 Qc7
21. Bc2 Qb7 22. Bd3 Kg7 23. Qc2 Be7 24. Bxe7 Qxe7 25. Rxc6 Rb8 26. Qe2 Qf6 27.
h3 Qxd4 28. Rc2 Qf6 29. Bb5 d4 30. Rd2 Bxa2 31. Bxa4 Be6 32. Bd1 Rb4 33. Kh2
Bc4 34. Qe4 Bd5 35. Qd3 Qe5+ 36. Qg3 Qe1 37. Qf4 Be6 38. b3 Bxb3 39. Bxb3 Rxb3
40. Qxd4+ Kg8 41. Qf4 Qe8 42. Qf6 Rb8 43. h4 Qf8 44. Rd7 Qg7 45. Qf4 Rf8 46. h5
gxh5 47. Rd3 h4 48. Qxh4 Kh8 49. Rg3 Qe5 50. f4 Qd4 51. Rh3 Qg7 52. Rg3 Qd4 53.
Qg5 f5 54. Qh6 Qf6 55. Rg6 Qf7 56. Rg5 Rg8 57. Qh5 Qxh5+ 58. Rxh5 Rf8 59. Rg5
Rf6 60. Kg3 Rg6 61. Kf3 Rf6 62. Ke3 h6 63. Rg3 Re6+ 64. Kf3 Kh7 65. Rh3 1/2-1/2

[Event "36 R.G.Nezhmetdinov Memorial"]
[Site "Kazan, Russia"]
[Date "2014.06.02"]
[Round "3.11"]
[White "Shariyazdanov, Andrey"]
[Black "Ponfilenok, Vladimir"]
[Result "1-0"]
[WhiteElo "2568"]
[BlackElo "2399"]
[PlyCount "87"]
[EventDate "2014.??.??"]

1. d4 e6 2. c4 f5 3. Nf3 Nf6 4. g3 d5 5. Bg2 Bd6 6. O-O c6 7. Nc3 O-O 8. Qc2
Ne4 9. Rb1 Nd7 10. b4 b5 11. cxb5 Nxc3 12. Qxc3 cxb5 13. Bg5 Qb6 14. Qe3 Re8
15. Ne1 Qb7 16. Bf4 Bf8 17. Nd3 Nb6 18. Nc5 Nc4 19. Qd3 Qb6 20. a4 a6 21. h3
Ra7 22. g4 Bd6 23. Bxd6 Qxd6 24. gxf5 exf5 25. axb5 axb5 26. Ra1 Rae7 27. Ra2
f4 28. Qf3 Nb6 29. Nd3 Re4 30. e3 Rf8 31. Nxf4 Qxb4 32. Nxd5 Nxd5 33. Qxe4 Nc3
34. Qc2 Nxa2 35. Qxa2+ Kh8 36. Rb1 Qc3 37. Rxb5 Qe1+ 38. Kh2 Rxf2 39. Rb8 Rf8
40. Qc2 Qxe3 41. Rxc8 Qf4+ 42. Kh1 h5 43. Rxf8+ Qxf8 44. Qg6 1-0

[Event "36 R.G.Nezhmetdinov Memorial"]
[Site "Kazan, Russia"]
[Date "2014.06.02"]
[Round "3.12"]
[White "Samusenko, Maksim"]
[Black "Dvoirys, Semen I"]
[Result "1/2-1/2"]
[WhiteElo "2306"]
[BlackElo "2557"]
[PlyCount "81"]
[EventDate "2014.??.??"]

1. e4 c5 2. Nf3 d6 3. d4 cxd4 4. Nxd4 Nf6 5. Nc3 a6 6. Qd3 e6 7. Be2 Nbd7 8.
O-O b5 9. b4 Bb7 10. a4 bxa4 11. Rxa4 Qc7 12. Bb2 Be7 13. Qg3 Nb6 14. Ra5 O-O
15. Nd5 Nbxd5 16. exd5 Qd7 17. dxe6 fxe6 18. Qh3 e5 19. Qxd7 Nxd7 20. Nb3 d5
21. b5 axb5 22. Rxa8 Rxa8 23. Bxb5 Ra2 24. Rb1 Bc8 25. Bc6 Nf6 26. Bxe5 Rxc2
27. Bxf6 Bxf6 28. Bxd5+ Kh8 29. Rc1 Bf5 30. Rxc2 Bxc2 31. Nd2 Bc3 32. Nc4 g6
33. g3 Bd4 34. Ne3 Bd3 35. Kg2 Kg7 36. Kf3 Bc5 37. h4 Bb5 38. Ke4 Bb4 39. Nc2
Bc3 40. Nd4 Bd7 41. Be6 1/2-1/2

[Event "36 R.G.Nezhmetdinov Memorial"]
[Site "Kazan, Russia"]
[Date "2014.06.02"]
[Round "3.13"]
[White "Kostin, Konstantin"]
[Black "Lintchevski, Daniil"]
[Result "0-1"]
[WhiteElo "2344"]
[BlackElo "2546"]
[PlyCount "48"]
[EventDate "2014.??.??"]

1. d4 Nf6 2. c4 e6 3. Nc3 c5 4. d5 exd5 5. cxd5 d6 6. e4 g6 7. f4 Bg7 8. Bb5+
Nfd7 9. Nf3 a6 10. Bd3 b5 11. a3 O-O 12. O-O Re8 13. h3 c4 14. Bc2 Nc5 15. f5
Nbd7 16. Bg5 Qb6 17. Kh1 b4 18. axb4 Qxb4 19. Ra2 Nd3 20. Bxd3 cxd3 21. Ne1
Bxc3 22. bxc3 Qxe4 23. Qxd3 Nc5 24. Qg3 Qc4 0-1

[Event "36 R.G.Nezhmetdinov Memorial"]
[Site "Kazan, Russia"]
[Date "2014.06.02"]
[Round "3.14"]
[White "Yudin, Sergei"]
[Black "Rjabzev, Konstantin"]
[Result "1-0"]
[WhiteElo "2546"]
[BlackElo "2292"]
[PlyCount "85"]
[EventDate "2014.??.??"]

1. e4 c5 2. Nf3 e6 3. b3 a6 4. Bb2 Nc6 5. g3 d5 6. exd5 exd5 7. Qe2+ Qe7 8. Nc3
Bg4 9. O-O-O Nd4 10. Qxe7+ Nxe7 11. Nxd4 Bxd1 12. Nxd1 cxd4 13. Bxd4 Nc6 14.
Bb2 d4 15. Bg2 O-O-O 16. f4 h5 17. Nf2 h4 18. Rg1 hxg3 19. hxg3 Rh5 20. Bf3 Ra5
21. Kb1 Ba3 22. Bxa3 Rxa3 23. Nd3 Rh8 24. Bxc6 bxc6 25. Ne5 Ra5 26. Nxf7 Rh2
27. Ne5 d3 28. Nxd3 Rah5 29. g4 Rh1 30. Rxh1 Rxh1+ 31. Kb2 Kc7 32. b4 Kd6 33.
c4 Rf1 34. a4 c5 35. bxc5+ Kc6 36. a5 Kb7 37. Kc3 Ra1 38. Ne5 Rxa5 39. d4 Ra1
40. d5 Rf1 41. d6 Rxf4 42. c6+ Kc8 43. Ng6 1-0

[Event "36 R.G.Nezhmetdinov Memorial"]
[Site "Kazan, Russia"]
[Date "2014.06.02"]
[Round "3.15"]
[White "Toropov, Pavel"]
[Black "Rychagov, Andrey"]
[Result "0-1"]
[WhiteElo "2305"]
[BlackElo "2535"]
[PlyCount "168"]
[EventDate "2014.??.??"]

1. e4 e6 2. d4 d5 3. exd5 exd5 4. Nf3 Bd6 5. c4 Nf6 6. Nc3 O-O 7. c5 Re8+ 8.
Be2 Be7 9. O-O b6 10. Be3 c6 11. h3 Ba6 12. b4 Bxe2 13. Qxe2 a5 14. a3 Nbd7 15.
Qd3 Qc7 16. Rae1 axb4 17. axb4 Ne4 18. Ne2 Ra4 19. Rb1 Rea8 20. Bf4 Qb7 21. Ng3
Ra3 22. Qc2 Ra2 23. Qc1 Nxg3 24. Bxg3 b5 25. Qf4 Nf8 26. Rfe1 Bf6 27. Bh4 Ng6
28. Qg4 Nxh4 29. Nxh4 h5 30. Qf4 Qb8 31. Qxb8+ Rxb8 32. Nf3 Kf8 33. g4 hxg4 34.
hxg4 g6 35. Rb3 Rba8 36. Kg2 R8a3 37. Rxa3 Rxa3 38. Re3 Ra4 39. g5 Bg7 40. Rb3
Ke7 41. Kg3 Ra2 42. Re3+ Kd7 43. Ne5+ Bxe5+ 44. dxe5 Ra1 45. Rf3 Rg1+ 46. Kh4
Ke6 47. Rf6+ Kxe5 48. Rxc6 d4 49. Rd6 Rb1 50. Kg4 Rxb4 51. Rd7 Rc4 52. Rxf7 d3+
53. Kf3 Rd4 54. Re7+ Kd5 55. Ke3 Kxc5 56. Kd2 b4 57. Rb7 Rd6 58. f4 Kc4 59.
Rc7+ Kb5 60. Rb7+ Kc5 61. Rc7+ Kb6 62. Rc8 Rd4 63. Rg8 Rd6 64. Rh8 Kc5 65. Rc8+
Kd4 66. Rb8 Kc4 67. Rc8+ Kb3 68. Rf8 Rd4 69. Rf6 Ka3 70. Ra6+ Kb2 71. Rxg6 Rxf4
72. Kxd3 Rg4 73. Rg8 b3 74. g6 Kb1 75. g7 b2 76. Kd2 Rd4+ 77. Ke3 Rd7 78. Ke2
Ra7 79. Kd2 Ka2 80. Rb8 Rxg7 81. Ra8+ Kb1 82. Kd1 Rd7+ 83. Ke2 Rd5 84. Rc8 Ra5
0-1

[Event "36 R.G.Nezhmetdinov Memorial"]
[Site "Kazan, Russia"]
[Date "2014.06.02"]
[Round "3.18"]
[White "Andriasian, Zaven"]
[Black "Korovin, Mikhail"]
[Result "1-0"]
[WhiteElo "2611"]
[BlackElo "2197"]
[PlyCount "143"]
[EventDate "2014.??.??"]

1. Nf3 Nf6 2. c4 e6 3. Nc3 Bb4 4. g3 b6 5. Qb3 a5 6. Bg2 Bb7 7. O-O O-O 8. d4
Qe7 9. Nb5 a4 10. Qc2 Be4 11. Qd1 c6 12. Nc3 Bxc3 13. bxc3 d5 14. Bg5 Bxf3 15.
Bxf3 dxc4 16. Rb1 Ra6 17. e4 h6 18. Be3 Nbd7 19. Bg2 Rd8 20. Qe2 b5 21. f4 Ne8
22. g4 f5 23. d5 cxd5 24. exd5 exd5 25. Bxd5+ Kh8 26. gxf5 Nc7 27. Bf3 Rf6 28.
Rbe1 Rxf5 29. Qg2 Qf8 30. Be4 Rf6 31. Bd4 Rd6 32. Be5 Ra6 33. Kh1 Nxe5 34. fxe5
Qe8 35. Qg4 Ne6 36. Qf5 Qg8 37. Rd1 Rf8 38. Qg4 Rxf1+ 39. Rxf1 Ng5 40. Bb7 Rb6
41. Qd7 Qe6 42. Qd8+ Kh7 43. Bg2 Rc6 44. h4 Rc8 45. Qd6 Qxd6 46. exd6 Rd8 47.
hxg5 Rxd6 48. Be4+ g6 49. Rf7+ Kg8 50. Rb7 hxg5 51. Rxb5 Rd1+ 52. Kg2 Rd2+ 53.
Kf3 Rxa2 54. Ke3 a3 55. Rb1 g4 56. Bd5+ Kg7 57. Bxc4 Rc2 58. Kd3 Rf2 59. Rg1 a2
60. Ra1 g3 61. Bxa2 Rf3+ 62. Kd2 g2 63. Bc4 Rf2+ 64. Be2 g5 65. Ke3 Rf8 66. Rg1
Re8+ 67. Kf2 Kf6 68. Rxg2 Kf5 69. Rg3 Re7 70. Rf3+ Kg6 71. c4 Re5 72. Rc3 1-0

[Event "36 R.G.Nezhmetdinov Memorial"]
[Site "Kazan, Russia"]
[Date "2014.06.02"]
[Round "3.19"]
[White "Mirzanurov, Bulat"]
[Black "Ponkratov, Pavel"]
[Result "1/2-1/2"]
[WhiteElo "2195"]
[BlackElo "2595"]
[PlyCount "85"]
[EventDate "2014.??.??"]

1. d4 Nf6 2. c4 e6 3. Nc3 Bb4 4. e3 O-O 5. Nf3 d5 6. Bd3 c5 7. O-O dxc4 8. Bxc4
Nbd7 9. Qe2 a6 10. dxc5 Nxc5 11. Rd1 Qe7 12. Nb1 b5 13. a3 bxc4 14. axb4 Nb3
15. Ra3 Bb7 16. Nfd2 Nxc1 17. Rxc1 Rac8 18. Rxc4 Rxc4 19. Nxc4 Qxb4 20. Nbd2
Rc8 21. Rb3 Qe7 22. e4 Bc6 23. e5 Nd7 24. Nd6 Ra8 25. Rc3 Bd5 26. Qe3 h6 27. f4
Qd8 28. h3 f6 29. exf6 Nxf6 30. N6c4 Rb8 31. b3 Qd7 32. Kh2 Qb7 33. Rd3 Rf8 34.
Nd6 Qc7 35. N2c4 Rd8 36. Qe5 Nd7 37. Qh5 Nf8 38. Rxd5 exd5 39. Qxd5+ Kh7 40.
Qf5+ g6 41. Qf6 Kg8 42. Nf7 Qxf7 43. Qxd8 1/2-1/2

[Event "36 R.G.Nezhmetdinov Memorial"]
[Site "Kazan, Russia"]
[Date "2014.06.02"]
[Round "3.20"]
[White "Fedorov, Alexei"]
[Black "Murtazin, Bulat"]
[Result "1-0"]
[WhiteElo "2574"]
[BlackElo "2176"]
[PlyCount "61"]
[EventDate "2014.??.??"]

1. e4 e5 2. Bc4 Nf6 3. d3 Nc6 4. Nf3 Be7 5. O-O O-O 6. Re1 d6 7. a4 Kh8 8. h3
Ng8 9. Nc3 f5 10. Nd5 fxe4 11. dxe4 Nf6 12. a5 a6 13. Ng5 Nxd5 14. Nxh7 Rf4 15.
Qxd5 Nd4 16. Bxf4 Be6 17. Qxd4 exd4 18. Bxe6 Kxh7 19. e5 Bg5 20. Bxg5 Qxg5 21.
exd6 cxd6 22. Bc4 Rc8 23. Bd3+ Kg8 24. Re6 Qd5 25. Rae1 g5 26. b4 Kf7 27. Re7+
Kf6 28. g4 Rc3 29. h4 Qg8 30. f4 Rxd3 31. hxg5+ 1-0

[Event "36 R.G.Nezhmetdinov Memorial"]
[Site "Kazan, Russia"]
[Date "2014.06.02"]
[Round "3.21"]
[White "Ibragimov, Ildar"]
[Black "Pushkin, Eduard"]
[Result "1-0"]
[WhiteElo "2557"]
[BlackElo "2150"]
[PlyCount "51"]
[EventDate "2014.??.??"]

1. d4 d5 2. c4 e6 3. Nc3 Nf6 4. cxd5 exd5 5. Bg5 c6 6. e3 Be7 7. Qc2 Nbd7 8.
Bd3 Nf8 9. Nge2 Ne6 10. Bh4 g6 11. O-O Ng7 12. f3 Nf5 13. Bf2 Nd6 14. Kh1 O-O
15. e4 dxe4 16. fxe4 Ng4 17. Bg1 Bg5 18. Rf3 Nh6 19. h3 f5 20. Raf1 Re8 21. Ng3
fxe4 22. Ncxe4 Nxe4 23. Bxe4 Qd6 24. Bh2 Bd7 25. Nh5 Qxd4 26. Bxg6 1-0

[Event "36 R.G.Nezhmetdinov Memorial"]
[Site "Kazan, Russia"]
[Date "2014.06.02"]
[Round "3.22"]
[White "Demidov, Mikhail"]
[Black "Fakhrutdinov, Timur"]
[Result "1-0"]
[WhiteElo "2512"]
[BlackElo "2161"]
[PlyCount "135"]
[EventDate "2014.??.??"]

1. c4 Nf6 2. Nf3 e6 3. d4 d5 4. e3 c5 5. cxd5 exd5 6. Bb5+ Nc6 7. O-O Bd6 8.
dxc5 Bxc5 9. Qc2 Qd6 10. b3 O-O 11. Bxc6 bxc6 12. Bb2 Ne4 13. Nc3 f5 14. Nxe4
fxe4 15. Qc3 Rf7 16. Ne5 Rc7 17. Rfc1 Bb4 18. Qc2 Be6 19. a3 Ba5 20. Qc5 Qxc5
21. Rxc5 Bb6 22. Rxc6 Rxc6 23. Nxc6 Kf7 24. Rc1 Rc8 25. Ne5+ Ke8 26. Rxc8+ Bxc8
27. Bd4 Bc7 28. Nc6 Bd7 29. Nb4 Bd6 30. Nxd5 Be6 31. Nc3 Bxb3 32. Nxe4 Bxa3 33.
Bxa7 Bd5 34. Nc3 Bc6 35. Bd4 Kf7 36. f3 Bd6 37. Kf2 h5 38. h3 g6 39. Ne2 Bb5
40. Bb2 Bd7 41. f4 Bc6 42. Nd4 Be4 43. Nb5 Be7 44. Be5 Bc6 45. Nd4 Be4 46. Nf3
Ke6 47. Bc3 Kf7 48. Nd2 Bc6 49. e4 Ke6 50. Ke3 Bc5+ 51. Bd4 Be7 52. Nf3 Be8 53.
Ne5 Bd6 54. Nf3 Be7 55. g4 hxg4 56. hxg4 Ba3 57. f5+ gxf5 58. exf5+ Kf7 59. Kf4
Bc1+ 60. Be3 Bb2 61. g5 Kg8 62. Bd4 Bc1+ 63. Kg4 Ba3 64. g6 Be7 65. Kh5 Bc6 66.
Nh2 Be8 67. Ng4 Bd7 68. Nh6+ 1-0

[Event "36 R.G.Nezhmetdinov Memorial"]
[Site "Kazan, Russia"]
[Date "2014.06.02"]
[Round "3.23"]
[White "Pasiev, Rakhim"]
[Black "Ofitserian, Boris"]
[Result "1/2-1/2"]
[WhiteElo "2410"]
[BlackElo "2132"]
[PlyCount "84"]
[EventDate "2014.??.??"]

1. c4 Nf6 2. Nc3 g6 3. g3 Bg7 4. Bg2 O-O 5. d3 c5 6. a3 Nc6 7. Rb1 e6 8. e4 d5
9. exd5 exd5 10. Nxd5 Nxd5 11. Bxd5 Re8+ 12. Kf1 Ne5 13. Bf4 Bf5 14. Bxe5 Rxe5
15. Qb3 Qb6 16. Qxb6 Bxd3+ 17. Kg2 axb6 18. Rd1 Be4+ 19. Nf3 Bxd5 20. cxd5 Re2
21. Rd2 Rxd2 22. Nxd2 Rd8 23. a4 Rxd5 24. Nc4 Rd4 25. b3 Rd3 26. Rb1 Bd4 27. f4
Kf8 28. Nxb6 Ke7 29. Nc4 Kd7 30. g4 Ke6 31. Na5 Rd2+ 32. Kf3 Rxh2 33. Nxb7 f6
34. Na5 h5 35. Kg3 Rc2 36. gxh5 gxh5 37. Nc6 Bf2+ 38. Kf3 Kd5 39. Ne7+ Ke6 40.
Nc6 Kd5 41. Ne7+ Ke6 42. Nc6 Kd5 1/2-1/2

[Event "36 R.G.Nezhmetdinov Memorial"]
[Site "Kazan, Russia"]
[Date "2014.06.02"]
[Round "3.24"]
[White "Yandemirov, Valeri"]
[Black "Gaifullin, Artur"]
[Result "0-1"]
[WhiteElo "2403"]
[BlackElo "2130"]
[PlyCount "62"]
[EventDate "2014.??.??"]

1. e4 e5 2. Nf3 Nc6 3. Bb5 Nf6 4. O-O Nxe4 5. Re1 Nd6 6. Nxe5 Be7 7. Bf1 Nxe5
8. Rxe5 O-O 9. d4 Bf6 10. Re1 Nf5 11. d5 d6 12. c3 Nh4 13. Nd2 Ng6 14. Nf3 Ne5
15. Nxe5 Bxe5 16. Qa4 Bf5 17. Qb4 Qc8 18. Bg5 g6 19. Qh4 Re8 20. Re3 Bg7 21.
Rae1 Rxe3 22. Rxe3 c6 23. Bf6 Bxf6 24. Qxf6 cxd5 25. Re7 Be6 26. Bb5 Qf8 27.
Bd7 Bxd7 28. Rxd7 Re8 29. h3 Re6 30. Qd4 Qc8 31. Qa4 a6 0-1

[Event "36 R.G.Nezhmetdinov Memorial"]
[Site "Kazan, Russia"]
[Date "2014.06.02"]
[Round "3.25"]
[White "Dilmukhametov, Artur"]
[Black "Vastrukhin, Oleg"]
[Result "0-1"]
[WhiteElo "2164"]
[BlackElo "2401"]
[PlyCount "86"]
[EventDate "2014.??.??"]

1. e4 g6 2. d4 Bg7 3. Nc3 c6 4. g3 d5 5. exd5 cxd5 6. Bg2 Nf6 7. Nge2 O-O 8.
O-O Nc6 9. Bg5 e6 10. Qd2 Na5 11. Nd1 b6 12. Re1 Ba6 13. c3 Qc7 14. Bf4 Qd7 15.
Ne3 Nh5 16. Ng4 Nc4 17. Qc2 Nxf4 18. Nxf4 Rac8 19. Nd3 Qc7 20. Qa4 Bb7 21. Rad1
a5 22. Qc2 Rfe8 23. Nge5 Nd6 24. Qd2 Ne4 25. Qe3 Rcd8 26. h4 f6 27. Nf3 Nd6 28.
Bh3 e5 29. dxe5 fxe5 30. Ng5 Nf5 31. Qd2 h6 32. Bxf5 gxf5 33. Nh3 d4 34. Kh2
Qc6 35. Rg1 dxc3 36. Qxc3 Qxc3 37. bxc3 Bf3 38. Nb2 Bxd1 39. Nxd1 Rd2 40. Ne3
e4 41. Nxf5 e3 42. Re1 Bxc3 43. Nxe3 Rxf2+ 0-1

[Event "36 R.G.Nezhmetdinov Memorial"]
[Site "Kazan, Russia"]
[Date "2014.06.02"]
[Round "3.26"]
[White "Petrov, Nikita"]
[Black "Murzin, Lenar"]
[Result "1-0"]
[WhiteElo "2359"]
[BlackElo "2115"]
[PlyCount "137"]
[EventDate "2014.??.??"]

1. d4 Nf6 2. Bg5 e6 3. e4 h6 4. Bxf6 Qxf6 5. c3 d6 6. Bd3 Nc6 7. Ne2 e5 8. Bb5
Bd7 9. d5 Nb8 10. Bxd7+ Nxd7 11. O-O g6 12. Qb3 Nc5 13. Qb5+ Kd8 14. Nd2 h5 15.
Nb3 a6 16. Qb4 Kc8 17. Na5 Bh6 18. Rad1 h4 19. h3 Bf4 20. a4 Qg5 21. Qc4 f5 22.
f3 Bg3 23. Nxg3 Qe3+ 24. Kh1 hxg3 25. Rde1 Qd3 26. b4 Qxc4 27. Nxc4 Nxa4 28. f4
exf4 29. exf5 g5 30. Re7 Nxc3 31. Rg7 Nxd5 32. Rxg5 Re8 33. Rg7 Kb8 34. Rd1 Ka7
35. Kg1 Ne3 36. Nxe3 Rxe3 37. Rxc7 Rf8 38. Rf1 Rxf5 39. Rc4 Kb6 40. Rcxf4 Rxf4
41. Rxf4 Re1+ 42. Rf1 Re4 43. Rf3 Rxb4 44. Rxg3 a5 45. Kf2 a4 46. Ke2 Kc5 47.
Kd2 Rb2+ 48. Kc1 Rf2 49. h4 b5 50. h5 b4 51. h6 Rf7 52. Rh3 Rh7 53. g4 b3 54.
g5 Kb4 55. Rh4+ Kc3 56. g6 Re7 57. Rh3+ Kb4 58. g7 Re1+ 59. Kd2 Rg1 60. h7 Rg2+
61. Ke3 Rxg7 62. h8=Q Re7+ 63. Kd3 Re5 64. Qb8+ Kc5 65. Qc7+ Kb5 66. Qxd6 Rc5
67. Qb8+ Ka5 68. Qa7+ Kb4 69. Rh4+ 1-0

[Event "36 R.G.Nezhmetdinov Memorial"]
[Site "Kazan, Russia"]
[Date "2014.06.02"]
[Round "3.27"]
[White "Pershin, Denis"]
[Black "Gerasimov, Ivan"]
[Result "0-1"]
[WhiteElo "2157"]
[BlackElo "2346"]
[PlyCount "52"]
[EventDate "2014.??.??"]

1. e4 c6 2. d4 d5 3. exd5 cxd5 4. Bd3 Nc6 5. c3 g6 6. Nf3 Bg7 7. O-O Nf6 8. Bf4
O-O 9. Nbd2 Nh5 10. Be3 a6 11. Nb3 Qd6 12. Qd2 Bg4 13. Ne1 b6 14. h3 Bf5 15.
Bxf5 gxf5 16. Nd3 Qg6 17. f3 Kh8 18. g4 fxg4 19. fxg4 f5 20. g5 Nd8 21. h4 Ne6
22. Kh2 f4 23. Nxf4 Nexf4 24. Bxf4 Rxf4 25. Rxf4 Qd6 26. Raf1 Rf8 0-1